L'Organització del govern municipal /
Publicado:
Barcelona :
Diputació de Barcelona, Àrea de Règim Interior, Hisenda i Planificació. Servei de Formació Local ,
1996
Descripción Física:
54 p. ; 21 cm
Colección:
Perspectiva
; 3
Otros Autores:
Esquirol, Carme
Materias:
Municipis -- Govern i administració
MARC
| LEADER | 00000nam a2200000Ia 4500 | ||
|---|---|---|---|
| 001 | 11370 | ||
| 008 | 160829s1996 xx 000 0 cat d | ||
| 017 | |a DL B 12871-1996 | ||
| 080 | |a M-2-279 | ||
| 100 | |a Calderó, Albert |9 24088 |e autor | ||
| 245 | 1 | 2 | |a L'Organització del govern municipal / |c Albert Calderó, Carme Esquirol |
| 250 | |a Primera edició | ||
| 260 | |a Barcelona : |b Diputació de Barcelona, Àrea de Règim Interior, Hisenda i Planificació. Servei de Formació Local, |c 1996 | ||
| 300 | |a 54 p. ; |c 21 cm | ||
| 490 | |a Perspectiva ; |v 3 | ||
| 650 | 0 | |a Municipis |x Govern i administració |9 22275 | |
| 700 | |a Esquirol, Carme |9 24089 |e autor | ||
| 710 | |9 53659 |a Barcelona (Catalunya : Província). |b Servei de Formació Local |e entitat editora | ||
| 901 | |a Arxiu | ||
| 942 | |n 1 |2 udc | ||
| 952 | |0 0 |1 0 |4 0 |6 M2279 |7 1 |9 42973 |a Arxiu |b Arxiu |d 2016-12-01 |l 0 |o M-2-279 |p 11370 |r 2016-12-01 00:00:00 |w 2016-12-01 |y ARXIU | ||
| 952 | |0 0 |1 0 |4 0 |6 PDL |7 1 |9 63579 |a Arxiu |b Arxiu |d 2022-08-30 |l 0 |o PDL |p 26569 |r 2022-08-30 00:00:00 |w 2022-08-30 |y ARXIU | ||
| 999 | |c 45516 |d 45516 | ||